000 00283nam a22001337a 4500
008 180306b xxu||||| |||| 00| 0 eng d
020 _a9780073048628
041 _aeng
080 _25th
_a54
100 _a11
101 _aKIM
245 _aChemistry
_cSilbergerg
942 _2udc
_cBK
999 _c44098
_d44098